|
|
แสดงรายละเอียดบรรณานุกรม |
|
|
Brief Record
: Get Marc (ISO 2709)
: E-mail record
: |
|
|
|
| LEADER 00000nam 2200000uu 4500 | |||
| 001 210508 | |||
| 003 ULIBM | |||
| 008 020711s2557 th a 000 0 tha d | |||
| 020 978-616-223-346-3 | |||
| 060 4 WQ 400 ส344ก 2557 | |||
| 100 สร้อย อนุสรณ์ธีรกุล | |||
| 245 การดูแลแผลฝีเย็บในระยะคลอดและหลังคลอด/^cสร้อย อนุสรณ์ธีรกุล. | |||
| 246 00 ^aPerineal care during childirth and postpartum period | |||
| 250 พิมพ์ครั้งที่ 1 | |||
| 260 ขอนแก่น :^bโรงพิมพ์มหาวิทยาลัยขอนแก่น,^c2557. | |||
| 300 ก-จ,154 หน้า :^bภาพประกอบ ;^c24 ซม. | |||
| 500 ^aทุนสนับสนุนการผลิตตำรา มหาวิทยาลัยขอนแก่น ;^vลำดับที่ 84 | |||
| 650 4 การคลอด | |||
| 650 4 ^aฝีเย็บ | |||
| 650 4 ^aการเย็บ (การแพทย์) | |||
| 650 4 ^aการดูแลภายหลังคลอด | |||
| 710 2 ^aมหาวิทยาลัยขอนแก่น. คณะพยาบาลศาสตร์. | |||
| 710 2 ^aมหาวิทยาลัยขอนแก่น.สำนักนวัตกรรมการเรียนการสอน. ฝ่ายวิชาการและเทคโนโลยีสารสนเทศ. | |||
| 999 ^aใช้งานได้ทุกระบบ | |||
| คุณยังไม่ได้ล็อกอิน คุณสามารถมีกิจกรรมร่วมกับเว็บไซต์ได้ แต่ต้องล็อกอินก่อน :: |
|
| สถานะ | |||||||||
| 1. | การพยาบาล (ตำราหลัก) | WQ 400 ส344ก 2557 ฉ.1 | On Shelf ขอยืม | ||||||
| Note:งบประมาณปี 2558 | |||||||||
| 2. | การพยาบาล (ตำราหลัก) | WQ 400 ส344ก 2557 ฉ.2 | On Shelf ขอยืม | ||||||
| Note:งบประมาณปี 2558 | |||||||||
| 3. | การพยาบาล (ตำราหลัก) | WQ 400 ส344ก 2557 ฉ.3 | On Shelf ขอยืม | ||||||
| Note:งบประมาณปี 2558 | |||||||||
| 4. | การพยาบาล (ตำราหลัก) | WQ 400 ส344ก 2557 ฉ.4 | On Shelf ขอยืม | ||||||
| Note:งบประมาณปี 2558 | |||||||||
| 5. | การพยาบาล (ตำราหลัก) | WQ 400 ส344ก 2557 ฉ.5 | On Shelf ขอยืม | ||||||
| Note:งบประมาณปี 2558 | |||||||||
| 6. | การพยาบาล (ตำราหลัก) | WQ 400 ส344ก 2557 ฉ.6 | On Shelf ขอยืม | ||||||
| Note:งบประมาณปี 2558 | |||||||||
| 7. | การพยาบาล (ตำราหลัก) | WQ 400 ส344ก 2557 ฉ.7 | On Shelf ขอยืม | ||||||
| Note:งบประมาณปี 2558 | |||||||||
| 8. | การพยาบาล (ตำราหลัก) สถานะ=หนังสือเก่า - บริการ ณ ห้องสมุด (ห้องเหลือง) | WQ 400 ส344ก 2557 ฉ.8 | On Shelf ขอยืม | ||||||
| Note:งบประมาณปี 2558 | |||||||||
| 9. | การพยาบาล (ตำราหลัก) | WQ 400 ส344ก 2557 ฉ.9 | On Shelf ขอยืม | ||||||
| Note:งบประมาณปี 2558 | |||||||||
| 10. | การพยาบาล (ตำราหลัก) | WQ 400 ส344ก 2557 ฉ.10 | On Shelf ขอยืม | ||||||
| Note:งบประมาณปี 2558 | |||||||||
| 11. | การพยาบาล (ตำราหลัก) สถานะ=หนังสือเก่า - บริการ ณ ห้องสมุด (ห้องเหลือง) | WQ 400 ส344ก 2557 ฉ.11 | On Shelf ขอยืม | ||||||
| Note:งบประมาณปี 2558 | |||||||||
| 12. | การพยาบาล (ตำราหลัก) สถานะ=หนังสือเก่า - บริการ ณ ห้องสมุด (ห้องเหลือง) | WQ 400 ส344ก 2557 ฉ.12 | On Shelf ขอยืม | ||||||
| Note:งบประมาณปี 2558 | |||||||||
| | |||||||||
BibComment |
| คอมเมนท์ทรัพยากรรายการนี้ |
|
|